000 00422nam a22001337a 4500
005 20250118141355.0
008 250118b |||||||| |||| 00| 0 eng d
020 _a9788125918585
050 _aR690 MED
245 _aI Want to be in Medicine/
_bexperiences, facts and directions for school and college goers
260 _aJangpura, New Delhi
_bVikas Publishing House
_c2005
300 _a73p.
_bill.
_c21cm
942 _2lcc
_cBK
_n0
999 _c2671
_d2671